| 000 | 00687cam a22002053a 4500 | ||
|---|---|---|---|
| 001 | 42234 | ||
| 003 | PGUSA | ||
| 005 | 20140828083943.0 | ||
| 008 | 130301s2013||||xxu|||||s|||||000 | eng d | ||
| 040 |
_aPGUSA _beng |
||
| 042 | _adc | ||
| 100 | 1 |
_aDefoe, Daniel, _d-1731 |
|
| 245 | 1 | 4 |
_aThe Storm ; _bor, a Collection of the most Remarkable Casualties and Disasters which Happen'd in the Late Dreadful Tempest, both by Sea and Land _h[electronic resource] / _cDaniel Defoe |
| 260 |
_bProject Gutenberg, _c2013 |
||
| 506 | _aPublic domain in the USA. | ||
| 516 | _aElectronic text | ||
| 830 | 0 |
_aProject Gutenberg _v42234 |
|
| 856 | 4 | 0 | _uhttp://www.gutenberg.org/ebooks/42234 |
| 942 | _cEB | ||
| 999 |
_c271486 _d271486 |
||